000 00467nam a22001577a 4500
008 151102b xxu||||| |||| 00| 0 eng d
020 _a8790573145
082 _a708
_bF347g
100 _aFerdinand, Ida Frederikke
_94116
245 _aGula
_cFerdinand, Ida F.
260 _a[Nicaragua]
_bKobenhavn
_c2003
300 _a[sin numeración]
_bill. (col.)
_c21 cm.
650 _aArte Moderno
_9145
650 _aArte
_zDinamarca
_zNicaragua
_94118
650 _aArte
_zNicaragua
_94119
999 _c770
_d770